000 00613nam a2200205 4500
999 _c2887
_d2887
001 2887
003 BD-JhCC
005 20171107203323.0
008 171107b1987 bg ||||| |||| 00| 0 ben d
035 _a(BD-JhCC)
040 _aBD-JhCC
_dBD-JhCC
041 _aben
082 _a891.443
_bDAT 1987
100 _aদত্ত, হরিপদ
245 _aঅন্ধকূপে জন্মোৎসব /
_cহরিপদ দত্ত
260 _aঢাকা:
_bমুক্তধারা;
_c১৯৮৭
300 _a১৬০ পৃ.;
_c২২ সেমি
650 _aBengali novel
942 _2ddc
_cBK